| 000 | 00701nam a22002291i 4500 | ||
|---|---|---|---|
| 001 | 182962 | ||
| 003 | ES-MaACL | ||
| 005 | 20250819000834.0 | ||
| 008 | 140107s1961 sp |||| | spa d | ||
| 040 |
_aSpMaBN _bspa _cA2 |
||
| 080 | _a224.6/.99.017 | ||
| 080 | _a224.5.017 | ||
| 100 | 1 |
_aColao, Alberto. _939546 |
|
| 245 | 1 | 4 |
_aLos Profetas menores _b: El Libro de Daniel / _cAlberto Colao. |
| 260 |
_a[Cartagena] : _bAthenas, _c[1961] |
||
| 300 |
_a227 p., 2 h. ; _c17 cm. |
||
| 500 | _aLectio Theologica. | ||
| 630 | 0 | 4 |
_aBiblia. _pA.T.- _xProfetas menores- _vComentarios. _9119252 |
| 630 | 0 | 7 |
_aBiblia. _pA. T. _pDaniel _2 _9141537 |
| 852 |
_aES-MaACL _jC-27247 |
||
| 999 |
_c182962 _d182962 |
||